Cerámica

Saved in:
Bibliografiske detaljer
Format: Bog
Sprog:spansk
Udgivet: Beijing En Lenguas Extranjeras 1990
Serier:Presencia de China
Fag:
Tags: Tilføj Tag
Ingen Tags, Vær først til at tagge denne postø!

MARC

LEADER 00000nam a2200000 a 4500
001 UCO3992
003 CL-VaPUC
008 000728e19900000CH |||||||||||||||||spa|d
020 |a 7119009303 
082 0 4 |a 738.0951  |b CER  |2 21 
245 1 0 |a Cerámica 
300 |a 22 p 
942 |c BK 
945 |d 20000728 00:00:00  |a crobeson 
260 |a Beijing  |b En Lenguas Extranjeras  |c 1990 
650 7 |a CERAMICA CHINA  |2 CL-VaPUC  |9 448060 
650 7 |a CERAMICA ANTIGUA  |2 CL-VaPUC  |9 330575 
651 0 |a China   |9 257545 
583 |a last modification  |c 20000728 00:00:00  |k Rodrigo Vera 
490 0 |a Presencia de China 
999 |c 290082  |d 290080 
952 |0 0  |1 0  |4 0  |6 738_095100000000000_CER_1990  |7 0  |8 A  |9 339291  |a BIBGIM  |b BIBGIM  |d 2019-11-20  |i 3972240  |o 738.0951 CER 1990  |p 3972240  |r 2025-01-15  |w 2019-11-20  |y BK  |k ORI